Загрузка...

Retaining your employees

Библиографические подробности
Главные авторы: Wingfield, Barb, Berry Janice
Формат: Printed Book
Опубликовано: N w Delhi Viva Books 2004
Предметы:
LEADER 00486nam a22001577a 4500
020 |a 9788176497053 
082 |a 658.3  |b WIN/R 
100 |a Wingfield, Barb 
100 |a Berry Janice 
245 |a Retaining your employees 
260 |a N w Delhi  |b Viva Books  |c 2004 
300 |a 98p. 
650 |a Personnel management 
942 |c BK 
999 |c 42165  |d 42165 
952 |0 0  |1 0  |4 0  |6 658_300000000000000_WINR  |7 0  |8 Stack  |9 45811  |a KUCL  |b KUCL  |c Stack  |d 2016-10-14  |l 0  |o 658.3 WIN/R  |p 43524  |r 2016-10-14  |w 2016-10-14  |y BK